000 00745nam a22001337a 4500
008 110616t xxu||||| |||| 00| 0 eng d
010 _aCACAF46
245 _aCourt of Appeal Criminal Appeal No. 75 OF 2000 Samuel Wilson Nsajja Vs Uganda
260 _c2000
500 _aCoram: Hon. Justice A.E.N. Mpagi-Bahigeine, JA Hon. Justice S.G. Engwau, JA Hon. Justice C.K. Byamugisha, JA
500 _aAppeal from the decision of the High Court at Kampala A.Kania J in a Criminal Appeal No. 56 of 1999 dated 14th September 2000
999 _c3087
_d3087